Understanding the Medical Diagnosis of Child Maltreatment: (Record no. 744)

MARC details
000 -LEADER
fixed length control field 01669cam a22004214a 4500
001 - CONTROL NUMBER
control field 13829360
003 - CONTROL NUMBER IDENTIFIER
control field OSt
005 - DATE AND TIME OF LATEST TRANSACTION
control field 20180212192727.0
008 - FIXED-LENGTH DATA ELEMENTS--GENERAL INFORMATION
fixed length control field 050103s2006 enka b 001 0 eng
010 ## - LIBRARY OF CONGRESS CONTROL NUMBER
LC control number 2004031031
015 ## - NATIONAL BIBLIOGRAPHY NUMBER
National bibliography number GBA570860
Source bnb
015 ## - NATIONAL BIBLIOGRAPHY NUMBER
National bibliography number bnb
016 7# - NATIONAL BIBLIOGRAPHIC AGENCY CONTROL NUMBER
Record control number 013278618
Source Uk
016 7# - NATIONAL BIBLIOGRAPHIC AGENCY CONTROL NUMBER
Record control number 101262937
Source DNLM
020 ## - INTERNATIONAL STANDARD BOOK NUMBER
International Standard Book Number 0195172175 (cloth)
020 ## - INTERNATIONAL STANDARD BOOK NUMBER
International Standard Book Number 0195172167 (pbk.)
020 ## - INTERNATIONAL STANDARD BOOK NUMBER
International Standard Book Number 9780195172171
020 ## - INTERNATIONAL STANDARD BOOK NUMBER
International Standard Book Number 9780195172164
035 ## - SYSTEM CONTROL NUMBER
System control number (OCoLC)ocm57373790
040 ## - CATALOGING SOURCE
Original cataloging agency DLC
Transcribing agency DLC
Modifying agency BAKER
-- UKM
-- C#P
-- NLM
-- DLC
042 ## - AUTHENTICATION CODE
Authentication code pcc
050 00 - LIBRARY OF CONGRESS CALL NUMBER
Classification number RA1122.5
Item number .U53 2006
060 00 - NATIONAL LIBRARY OF MEDICINE CALL NUMBER
Classification number 2005 N-885
060 10 - NATIONAL LIBRARY OF MEDICINE CALL NUMBER
Classification number WA 320
Item number U4528 2006
082 00 - DEWEY DECIMAL CLASSIFICATION NUMBER
Classification number WA 320 U2u 2006
Edition number 22
100 ## - MAIN ENTRY--PERSONAL NAME
Personal name Edited by Charmaine R. Brittain.
9 (RLIN) 12450
245 00 - TITLE STATEMENT
Title Understanding the Medical Diagnosis of Child Maltreatment:
Remainder of title a guide for nonmedical professionals.
250 ## - EDITION STATEMENT
Edition statement 3rd ed.
260 ## - PUBLICATION, DISTRIBUTION, ETC. (IMPRINT)
Name of publisher, distributor, etc. Oxford University Press,
Date of publication, distribution, etc. 2006.
300 ## - PHYSICAL DESCRIPTION
Extent xviii, 268 p. :
Other physical details ill.:
Dimensions 24 cm.
504 ## - BIBLIOGRAPHY, ETC. NOTE
Bibliography, etc Includes bibliographical references and index.
520 ## - SUMMARY, ETC.
Summary, etc. "Provides a step-by-step guide to frequently asked questions concerning the medical aspects of child abuse and neglect. Designed for the nonmedical professional, this guide covers burns, fractures, poisoning, sexual abuse, neglect, substance abuse, and working with medical providers. Includes charts, illustrations, checklists, and resources"--Provided by publisher.
650 #0 - SUBJECT ADDED ENTRY--TOPICAL TERM
Topical term or geographic name as entry element Child abuse
9 (RLIN) 1973
650 #0 - SUBJECT ADDED ENTRY--TOPICAL TERM
Topical term or geographic name as entry element Child Maltreatment
9 (RLIN) 1974
856 41 - ELECTRONIC LOCATION AND ACCESS
Materials specified Table of contents only
Uniform Resource Identifier http://www.loc.gov/catdir/toc/ecip055/2004031031.html
906 ## - LOCAL DATA ELEMENT F, LDF (RLIN)
a 7
b cbc
c orignew
d 1
e ecip
f 20
g y-gencatlg
942 ## - ADDED ENTRY ELEMENTS (KOHA)
Source of classification or shelving scheme Other/Generic Classification Scheme
Koha item type Short Loan
Holdings
Withdrawn status Lost status Source of classification or shelving scheme Damaged status Not for loan Home library Current library Date acquired Source of acquisition Inventory number Total Checkouts Full call number Barcode Date last seen Koha item type
    Other/Generic Classification Scheme     MUST Main Library MUST Main Library 17/11/2014   09/31251   WA 320 U2u 2006 2014-3359 17/11/2014 Short Loan